[Event "RUS-chT 07th"]
[Site "Smolensk"]
[Date "2000.04.16"]
[Round "2"]
[White "Svidler, Peter"]
[Black "Chernyshov, Konstantin"]
[Result "1-0"]
[WhiteElo "2672"]
[BlackElo "2544"]
[Annotator "Gershon,A"]
[PlyCount "83"]
[EventDate "2000.04.15"]
[EventType "team-tourn"]
[EventRounds "11"]
[EventCountry "RUS"]
[SourceTitle "CBM 077"]
[Source "ChessBase"]
[SourceDate "2000.07.27"]
[SourceVersion "1"]
[SourceVersionDate "2000.07.27"]
[SourceQuality "1"]
[WhiteTeam "Sankt Petersburg Chess Federation"]
[BlackTeam "Voronezh OShK"]
[WhiteTeamCountry "RUS"]
[BlackTeamCountry "RUS"]

1. e4 c5 2. Nf3 Nc6 3. d4 cxd4 4. Nxd4 Nf6 5. Nc3 d6 6. Bg5 e6 7. Qd2 a6 8.
O-O-O h6 9. Be3 Nxd4 10. Bxd4 b5 11. f4 Bb7 12. Bd3 Be7 13. Kb1 b4 {Looks like
the 13...0-0 variation is in crisis so black is trying new ways to get a
decent counterplay} (13... O-O 14. e5 dxe5 15. fxe5 Nd7 (15... Nd5 16. Ne4 Rc8
17. c3 b4 18. c4 b3 19. cxd5 bxa2+ 20. Ka1 Qxd5 21. Nf6+ Bxf6 22. exf6 Rfd8 23.
Bb6 Rd6 24. fxg7 Kxg7 25. Qb4 $18 {1-0 Nimzo 7.32-Shredder 4/Cadaques ESP 2000
(41)}) 16. Ne4 Bxe4 (16... Qc7 $2 17. Nf6+ Kh8 $8 18. Rhe1 Rfd8 19. Ng4 {
[%cal Rg4h6]} Bf8 20. Rf1 Nc5 21. Bxc5 Qxc5 22. Rxf7 $18 {Rytshagov,M-Hultin,J/
Excelsior Cup 1997/1-0(44)}) 17. Bxe4 Rb8 18. c3 $1 (18. Ba7 Nxe5 19. Qc3 Bd6
20. Qd4 Bc7 21. Qc5 Qc8 22. g3 (22. Bxb8 Qxb8) (22. Rhe1 Nc4 23. Bxb8 Qxb8 24.
g3 Be5 25. c3 Rc8 26. Qe7 b4 $44 {1/2-1/2 Shirov,A-Kramnik,V/Linares14th 1997 
(32)}) 22... Nc4 23. Bxb8 Qxb8 24. c3 Rc8 25. Rhf1 Bd6 26. Qf2 Qc7 27. Qf3 a5
28. Bc2 Ne5 29. Qe4 g6 30. Rf2 Bf8 31. Rdf1 Bg7 $44 {Svidler,P-Ionov,S/St.
Petersburg-ch 1997/1/2-1/2 (72)}) 18... Qc7 19. Bc2 $1 Rfd8 20. Qf4 $1 Nf8 21.
Rhf1 Bg5 22. Qf2 {Kasparov,G-Kramnik,V/Novgorod 1997/CBM 60/[Gofshtein,L] (41)
with the double threat 23.h4 and23.Bc5}) (13... Rc8 14. Rhe1 O-O 15. h3 {
1/2-1/2 De la Riva Aguado,O-Kosten,A/Escaldes 1998/CBM 68 (15)}) 14. Na4 Bc6 (
14... Nxe4 15. Qxb4 {[%csl Rb7,Rg7]}) 15. Nb6 Rb8 16. Nc4 Nxe4 (16... d5 17.
Ne5 Bb7 18. exd5 Bxd5 19. Rhe1 Qa5 20. b3 Bc5 21. Bb2 Rd8 22. g4 Nd7 23. Nxd7
Rxd7 24. f5 $40 {1-0 Hamdouchi,H-Apicella,M/FRA 1998/CBM 64 ext (28)}) 17. Qe2
Nf6 {Black has an extra pawn but white's pieces' placing combined with the bad
positioning of black king more than compensate the pawn. White has a big
advantage.} (17... d5 18. Bxe4 dxe4 19. Bxg7 $18) 18. Rhf1 {[%csl Gf4]} (18.
Rhe1) 18... h5 {preventing g2-g4, but after this move black will never be able
to castle.} (18... O-O 19. g4 Nd5 (19... d5 20. Ne5 Bb5 21. g5 hxg5 22. fxg5
Ne4 23. g6 f5 24. Qh5 $40) 20. g5 $1 hxg5 21. fxg5 Bxg5 22. Qh5 f5 $8 (22...
Bh6 23. Qxh6 $1 gxh6 24. Rg1+ Qg5 25. h4 $18) 23. Bxg7 Kxg7 24. Rg1 Rf7 25.
Rxg5+ Kf8 26. Qh6+ Ke7 27. Re1 $16 {[%csl Re6,Rf5]}) 19. Rfe1 $2 {[%csl Re8]
the rook is no better placed on e1 than on f1, epesially when the black K is
stuck in the center.} (19. g3 $142) 19... Kf8 20. g3 {[%cal Gh2h3,Gg3g4] White
has the time for g3-h3-g4 since black counterplay is falling way behind} Qc7 (
20... a5 21. h3 a4 22. g4 hxg4 23. hxg4 b3 24. cxb3 axb3 25. a3 d5 26. Ne5 $16
{[%cal Gg4g6]}) 21. h3 a5 (21... Nd5) 22. g4 Nd5 23. Rf1 hxg4 24. hxg4 Rh4 (
24... a4 $142 25. Ne3 (25. g5 b3 26. cxb3 axb3 27. g6 bxa2+ 28. Ka1 Rh4 $17 {
[%csl Rd4,Rf4]}) 25... b3 $132) 25. Ne3 $1 {Black's most important piece in
the position is the N on d5, it must be exchanged.} Qb7 {[%cal Gd5c3]} 26. Ba6
$8 Qa8 27. Bc4 Nxe3 (27... a4 $4 28. Bxd5 Bxd5 29. Nxd5 exd5 30. Bxg7+ Kxg7 31.
Qxe7 $18) 28. Bxe3 Rh3 $1 {[%cal Gc6f3]} 29. f5 $2 {Feeling that his
initiative is fading away, white dives into compications but objectively after
this move his position is lost.My guess is that the time was a strong factor
here.} (29. Qd2 $142 {[%cal Gf4f5] was the better choice keeping the
possibilities}) 29... Bf3 30. Qd3 Bxd1 (30... Be4 31. Qd2 exf5 32. gxf5) 31.
fxe6 Rh1 $4 {Thowing away a full point.} (31... Bf3 32. Qf5 f6 (32... Bf6 33.
g5 Bg4 (33... Rh5 34. Rxf3 $16) 34. Qxg4 Rxe3 35. gxf6 $18) 33. Qg6 Kg8 34.
Qf7+ Kh8 35. Qxe7 Qc6 $19) (31... Rf3 $2 32. Rxd1 {[%cal Gc4d5,Gd3h7]}) (31...
Bxc2+ $1 32. Kxc2 (32. Qxc2 Rxe3 $19 {[%cal Ga8e4]}) 32... Qg2+ 33. Rf2 (33.
Kb1 Rh1 $19) 33... Qxf2+ 34. Bxf2 Rxd3 $19) 32. Qxd1 Rxf1 33. Qxf1 Bf6 (33...
f6 34. Qh3 Kg8 35. Bd3 $18) 34. g5 Qe4 35. Bf4 (35. Bc1 $18) 35... Ke7 36.
gxf6+ gxf6 37. exf7 Rh8 38. Bc1 d5 39. Bd3 Qh1 40. f8=Q+ Kxf8 41. Qxf6+ Kg8 42.
Bf5 1-0

[Event "Wch U20"]
[Site "Yerevan"]
[Date "1999.09.28"]
[Round "11"]
[White "Gershon, Alik"]
[Black "Vuckovic, Bojan"]
[Result "1-0"]
[WhiteElo "2492"]
[BlackElo "2433"]
[Annotator "Gershon,A"]
[PlyCount "73"]
[EventDate "1999.09.18"]
[EventType "swiss"]
[EventRounds "13"]
[EventCountry "ARM"]
[SourceTitle "CBM 072 Extra"]
[Source "ChessBase"]
[SourceDate "1999.11.18"]
[SourceVersion "1"]
[SourceVersionDate "1999.11.18"]
[SourceQuality "1"]

1. e4 c5 2. Nf3 d6 3. d4 cxd4 4. Nxd4 Nf6 5. Nc3 Nc6 6. Bg5 e6 7. Qd2 a6 8.
O-O-O Nxd4 9. Qxd4 Be7 10. f4 b5 11. Bxf6 gxf6 12. Be2 (12. f5 Qa5 13. Kb1 b4
14. Ne2 e5 15. Qd2 Bb7 16. Ng3 h5 17. Bd3 h4 18. Nf1 d5 19. Qe2 O-O-O 20. Nd2
Kb8 $11 {1-0 Pavlovic,M-Vuckovic,B/Vrnjacka Banja YUG 1999 (28)}) (12. Kb1 Qc7
13. Qd2 Bb7 14. Bd3 O-O-O 15. a3 Kb8 16. f5 h5 17. Rhf1 d5 18. exd5 exd5 19.
Ne2 Qxh2 20. g3 Bd6 21. a4 bxa4 22. Qa5 Bc7 23. Qxa4 Rd6 24. Rf4 $36 {0-1 Xie
Jun-Atalik,S/Tallinn 1998/CBM 62 ext (69)}) 12... Qc7 13. Bf3 (13. f5 Qc5 14.
Qxc5 dxc5 15. fxe6 fxe6 16. Bh5+ Kf8 17. e5 f5 18. g4 Ra7 19. Rhg1 (19. gxf5
exf5 20. Nd5 Kg7 21. Nxe7 Rxe7 22. Rd6 Rf8 23. Rg1+ Kh8 24. Rf6 Rd8 25. Rd1
Rxd1+ 26. Bxd1 Bd7 27. Rxa6 Rxe5 28. Ra8+ Kg7 29. Ra7 Re7 30. c4 $14 {1/2-1/2
Kobalija,M-Blehm,P/World Junior Ch, Calicut IND 1998 (51)}) (19. Rhf1 Rd7 20.
Rde1 Kg7 21. gxf5 exf5 22. e6 Rd6 23. Rxf5 Rxe6 24. Rf7+ {1-0 Lugovoi,A-Huzman,
A/Beersheva 1998/EXT 99 (24)}) 19... Rg8 20. gxf5 Rxg1 21. Rxg1 exf5 22. Nd5
Bh4 23. Nf6 Rg7 24. Rd1 Ke7 $17 {0-1 Sarkar,J-Yermolinsky,A/World Open,
Philadelphia USA 1999 (30)}) 13... Bb7 14. Kb1 (14. f5 h5 15. Kb1 Rc8 16. Qd2
Qc4 17. Rhe1 Rc7 18. Re3 Kd7 19. Rd3 $14 {1-0 Sutovsky,E-Blehm,P/Koszalin POL
1999 (35)}) 14... Rc8 (14... Qc5 15. Qd2 O-O-O 16. Rhe1 h5 17. Re3 Kb8 18. h3
b4 19. Na4 Qb5 20. b3 d5 21. exd5 Bxd5 22. Bxd5 {1/2-1/2 Galkin,A-Blehm,P/
Yerevan ARM 1999 (22)}) 15. f5 Qc5 (15... Qc4 16. Qd2 b4 17. Ne2 Bxe4 18. Bxe4
Qxe4 19. fxe6 fxe6 20. Nf4 Rc4 21. g3 Qe5 22. Qd3 $16 {[%csl Ga6,Ge6][%cal
Gh1e1]}) 16. Qd2 Qe5 17. Rhe1 (17. Ne2 Bxe4 18. Bxe4 Qxe4 19. fxe6 fxe6 20. Nf4
Rc4 21. g3 $16) 17... Rc4 18. Re3 Qxh2 (18... b4 19. Qd3 Rc7 20. Ne2) 19. b3
Rc5 20. Ne2 Bc8 21. Nc1 {[%csl Gh2]} exf5 22. Nd3 Re5 23. Nxe5 fxe5 24. exf5 (
24. Rc3 O-O 25. Rc7 Qh4) 24... Bxf5 25. Bc6+ Kf8 (25... Kd8 26. Qa5+) 26. Rf1
Qh5 (26... Be6 $6 27. Rh3 $1 Bxh3 28. Qh6+ Kg8 29. Bd5 $1 (29. gxh3 Qg3 30. Bd5
Qg6 31. Bxf7+ Qxf7 32. Rg1+ Qg6 33. Rxg6+ hxg6 34. Qxg6+ $18) 29... Be6 30.
Qxh2 Bxd5 31. Qh6 $18) 27. Ref3 Bg6 28. Bd5 (28. Qf2 $142 {[%cal Gg2g4]} f6
$140 $2 29. Rxf6+ Bxf6 30. Qxf6+ Kg8 31. Bd5+ $18) 28... f6 29. Qc3 {[%cal
Gf3f6]} Qg5 30. Qc8+ Kg7 31. Qd7 $6 (31. Qe6 Re8 32. Bc6 Qd2 33. Rc1 $18) 31...
Re8 32. Be4 (32. Rxf6 $2 Qxf6 33. Rxf6 Kxf6 34. Qe6+ Kg5 $1 (34... Kg7 35. Bc6
Bf7 36. Qg4+ $18) 35. Bc6 Bf5 36. Qf7 Bg6 37. Qg7 Bf8 38. Qc7 Re6 39. Qc8 Rf6
$13) 32... Bxe4 (32... Kf8 33. Bxg6 Qxg6 34. Qh3 Qf7 35. Rg3 $18) 33. Qxe8 f5
34. Rc3 Kf6 35. Rc7 Qg7 36. g4 Qf8 37. g5+ (37. g5+ Ke6 38. Qd7+ Kf7 39. Rxf5+
Bxf5 40. Qxf5+ Kg7 41. Qe6 Qf1+ 42. Kb2) 1-0

[Event "Moscow Aeroflot op"]
[Site "Moscow"]
[Date "2002.02.07"]
[Round "4"]
[White "Dolmatov, Sergey"]
[Black "Loginov, Valery A"]
[Result "1-0"]
[WhiteElo "2588"]
[BlackElo "2524"]
[Annotator "Gershon,A"]
[PlyCount "81"]
[EventDate "2002.02.04"]
[EventType "swiss"]
[EventRounds "9"]
[EventCountry "RUS"]
[SourceTitle "CBM 088"]
[Source "ChessBase"]
[SourceDate "2002.03.21"]
[SourceVersion "1"]
[SourceVersionDate "2002.03.21"]
[SourceQuality "1"]

1. e4 c5 2. Nf3 d6 3. d4 cxd4 4. Nxd4 Nf6 5. Nc3 Nc6 6. Bg5 e6 7. Qd2 a6 8.
O-O-O Qb6 9. Nb3 Bd7 10. Kb1 Rc8 $6 {choosing a wrong plan. Black cannot play
for the early b5 here, as we will see soon} 11. f3 Qc7 12. Be3 b5 $2 {too
optimistic!} (12... Be7 $142 13. g4 O-O {with a complex game. However, blak's
whole strategy was based on the early b7-b5}) 13. Bxb5 $1 axb5 14. Nxb5 Qb8 15.
Nxd6+ Bxd6 16. Qxd6 Qxd6 17. Rxd6 {in such endgames, where white has 3 pawns
for a piece, black's pieces are very passive, especially, when white hasn't
played f4 yes. In this case black has not counterplay against white's 3
connected passed pawns.} Ne5 {[%cal Ge5c4]} (17... Ke7 18. Bc5 {[%csl Re7]
[%cal Gc5e7]}) 18. Bc5 Ba4 19. Bb4 O-O 20. Ra6 Bxb3 {On one hand black ruins
white pawn structure a bit, but without the bishop black can organize no
counterplay.} (20... Bd7 21. a4 $16) 21. cxb3 Rfd8 22. Bc3 {[%csl Re5,Rf6]
black knights are completely paralysed} Nc6 23. b4 $18 Ne8 24. a4 Nb8 (24... f5
25. b5 Nb8 26. Rxe6 {would change very little}) 25. Ra5 Kf8 26. Ka2 {no hurry!
Bringing the king closer to the pawns} f6 27. Rc5 $1 {the rook is getting on
the way of the pawns.} Ke7 28. Rxc8 Rxc8 29. b5 {[%csl Rb8,Re8] white's bishop
seems more powerful than both black knights altogether} Kd6 {[%cal Gd6c7,Gc7b6,
Yd6c5,Yc5b6] hoping to stop the pawns with the help of king} 30. Ba5 $1 h5 (
30... Kc5 $4 {is, of course, met with:} 31. Rc1+) 31. Rd1+ Ke7 32. Bb4+ Kf7 33.
Kb3 {moves like this are the most depressing. Emphasising how hopeless black's
position is} e5 34. a5 Ke6 35. Ka4 (35. a6 $2 {would have been premature} Nd7 (
35... Nxa6 36. bxa6 Ra8 (36... Nc7 37. Rc1 $18) 37. Ra1 Nc7 38. a7 Nb5 39. Bc5
$18) 36. Ka4 Nb6+ 37. Ka5 $140 $4 Nc4+ $19) 35... g6 (35... Nd7 36. b6 Nb8 37.
Kb5 $18) 36. a6 Nd7 37. Ka5 f5 38. a7 fxe4 39. fxe4 Nef6 40. Rd6+ Kf7 41. b6 {
This position needs no commentary. Beautiful technique by white} 1-0

[Event "Vilnius zt"]
[Site "Vilnius"]
[Date "1993.??.??"]
[Round "?"]
[White "Malisauskas, Vidmantas"]
[Black "Lanka, Zigurds"]
[Result "1-0"]
[WhiteElo "2570"]
[BlackElo "2545"]
[Annotator "Glatman,V"]
[PlyCount "77"]
[EventDate "1993.03.??"]
[EventType "tourn"]
[EventRounds "13"]
[EventCountry "LTU"]
[EventCategory "8"]
[SourceTitle "CBM 035"]
[Source "ChessBase"]
[SourceDate "1993.08.01"]
[SourceVersion "1"]
[SourceVersionDate "1993.08.01"]
[SourceQuality "1"]

1. e4 {Leko Boensch} c5 2. Nf3 Nc6 3. d4 cxd4 4. Nxd4 Nf6 5. Nc3 d6 6. Bg5 e6
7. Qd2 a6 8. O-O-O h6 9. Bf4 (9. Be3 $5) 9... Bd7 10. Nxc6 Bxc6 11. f3 d5 12.
Qe1 Bb4 13. a3 Ba5 14. Bd2 (14. exd5 Nxd5 15. b4 Nxf4 16. Rxd8+ Bxd8 17. h4 O-O
18. Qe3 Bc7 19. Rg1 $1 $8 Rfd8 20. g3 Nd5 $8 21. Nxd5 exd5 $132 {
Kaminski-Serper/Polska/1992/}) (14. e5 {Boensch} Bc7 15. Bd2 Nd7 16. f4 Nc5 17.
Be3 Qe7 18. Ne2 Bb5 19. Nd4 Bxf1 20. Rxf1 Ne4 21. Qe2 O-O $10 {Yang
Xian-Johansen,D Jakarta zt (02) 1993 0-1 39 -CBM 35}) 14... Qe7 $6 (14... dxe4
$6 15. Nxe4 Bxd2+ 16. Rxd2 Qe7 17. Nd6+ Kf8 18. Qe5 {Rodriguez,Am-Nogueiras/
Cuba/1990/}) (14... b5 15. Kb1 $1 Bb6 16. exd5 Bxd5 17. Nxd5 Nxd5 18. Bb4 Rc8 {
Lau-Kovalev/BRD/1992/} 19. Qe5 $3 Rg8 20. Be2 $16 {Kovalev}) (14... Bc7 15. Kb1
$1 {Wang Zili-Steingrimsson/Novi Sad/1990/} O-O 16. exd5 Nxd5 17. Nxd5 exd5 18.
Bd3 $14) (14... d4 $1 15. e5 $1 (15. Ne2 Bc7 $15) 15... Qc7 (15... dxc3 16.
Bxc3 $1 $18) (15... Nd7 16. Ne2 Bxd2+ 17. Rxd2 Nxe5 18. f4 $1 Nd7 {Wolff,
P-Dlugy/New York/1991/} 19. Nxd4 Qc7 20. Qe3 $14) 16. exf6 (16. Ne2 Bxd2+ 17.
Qxd2 Qxe5 18. Nxd4 Bd7 $10 (18... Bd7 {Leko} 19. Bc4 O-O 20. Bb3 Qc7 $10 {
Tiviakov-Tukmakov/Rostov/1993/})) (16. Na2 $5 Bxd2+ 17. Rxd2 Nd7 18. f4 g5 19.
Rxd4 gxf4 20. Nb4 Qxe5 (20... Nxe5 21. Rxf4 $5 $14) 21. Qxe5 Nxe5 22. Nxc6 Nxc6
23. Rxf4 $14) 16... dxc3 17. Bxc3 Bxc3 18. Qxc3 Qf4+ 19. Kb1 Qxf6 20. Qc5 Qg5
21. Qd6 Rd8 $10 {Magomedov-Lerner/Berlin/1992/}) 15. e5 Nd7 16. Kb1 (16. f4 {
Boensch} b5 17. Ne2 $146 Bxd2+ 18. Qxd2 O-O 19. Nd4 Rfc8 20. Bd3 Nc5 21. Kb1
Bd7 22. g4 Rab8 23. g5 b4 $132 {Nunn,J-Kramnik,V BL 1992/93 1/2 41 -Inf.56/219}
) 16... Bb6 (16... Bc7 17. f4 f6 (17... Nc5 18. Be3 O-O-O 19. Bd4 f6 20. g3
fxe5 21. fxe5 Rhf8 22. Bg2 Nd7 23. h4 $14 {Ivanov,Al-Yermolinsky/Washington/
1990/}) 18. exf6 gxf6 (18... Qxf6 19. g3 O-O 20. Bg2 Nb6 21. Ne2 $1 {Rodriguez,
Am-Christiansen,L/Novi Sad/1990/} Nc4 22. Bc3 {/\ Nd4+/=}) 19. Bc1 Nb6 20. Be2
O-O-O 21. Bg4 Rde8 22. Qh4 h5 23. Bf3 f5 {0,5/Tischbierek-Fedorowicz/New York/
1991/}) 17. f4 h5 $5 $146 (17... f6 18. exf6 gxf6 19. Be2 O-O-O 20. Bf3 Qf7 21.
Be3 Rhe8 22. Qe2 $14 {Benjamin-Gulko/USA/1991/}) 18. h4 $5 (18. g3 {Boensch}
Bc5 19. Bd3 g6 20. Rf1 (20. Na2 $5 {Leko /\ Nc1-b3+/=}) 20... O-O-O 21. Ne2 Kb8
22. Bc3 Rc8 $10 {Ivanchuk,V-Lanka,Z Debrecen EU-chT (1) 1992 1/2 38}) (18. Be3
{Boensch} Bc5 19. Bxc5 Nxc5 20. Qe3 O-O-O 21. Be2 h4 22. Rhf1 Kb8 23. Bf3 Rc8
$10 {Gruenfeld,Y-Greenfeld,A Rishon le Lion (08) 1992 1/2 49}) 18... Bc5 $6 (
18... f6 $5) 19. Rh3 b5 (19... O-O-O $5 {Boensch}) 20. Na2 Bb7 21. Nc1 $16 g6
22. Nd3 Rc8 (22... Bb6 $5 23. Bb4 Qd8 24. Bd6 Bc7) 23. Be2 (23. Nxc5 $5 Nxc5
24. Bb4 (24. Bb4 {Leko} Qc7 25. Rc3 Qb6 26. Qe3 Na4 27. Rxc8+ Bxc8 28. Qxb6
Nxb6 29. Bc5 Nd7 30. Bd6 $14)) 23... Bb6 24. g4 hxg4 25. Bxg4 Nc5 26. Bb4 Nxd3
(26... Qc7 $5 27. Nxc5 Bxc5 28. Rc3 Bxb4 29. axb4) 27. Rdxd3 Bc5 28. Bxc5 Rxc5
(28... Qxc5 29. c3 Kd7 $5) 29. h5 gxh5 30. Bxh5 Kd8 31. f5 $1 (31. Bxf7 $6 Rxh3
32. Rxh3 Qxf7 33. Rh8+ Kc7 34. Qh4 Kb6) 31... exf5 32. Bxf7 Rf8 (32... Rxh3 33.
Rxh3 Qxf7 34. Rh8+ (34. e6 {Boensch} Qf6 (34... Qe7 35. Qe5 $18 (35. Qa5+ $18 {
Leko})) (34... Qg7 35. Qh1 $1 Qe5 $1 $8 36. Qg1 $1 Rc8 37. Qb6+ Rc7 38. Re3 $1
Qh8 39. e7+ $18) 35. Rh7 Rc7 36. Qa5 Qe5 37. Rxc7 Qxc7 38. e7+ $18) 34... Kc7
35. Qh4 Kb6 36. Qd4 $1 $18) 33. b4 $1 $18 Rc7 34. Bxd5 Kc8 35. Bxb7+ Kxb7 36.
Rd6 Rfc8 37. Rhh6 Rc6 (37... Rxc2 38. Qh1+ $18) 38. Qh1 Qe8 39. Rhe6 1-0

[Event "RUS-Cup03 Geller Memorial"]
[Site "Moscow"]
[Date "1999.02.08"]
[Round "7"]
[White "Saulin, Dmitri"]
[Black "Iskusnyh, Sergei"]
[Result "0-1"]
[WhiteElo "2427"]
[BlackElo "2486"]
[Annotator "Gofshtein,L"]
[PlyCount "66"]
[EventDate "1999.02.10"]
[EventType "swiss"]
[EventRounds "9"]
[EventCountry "RUS"]
[SourceTitle "CBM 070"]
[Source "ChessBase"]
[SourceDate "1999.06.08"]
[SourceVersion "1"]
[SourceVersionDate "1999.06.08"]
[SourceQuality "1"]

1. e4 c5 2. Nf3 Nc6 3. d4 cxd4 4. Nxd4 Nf6 5. Nc3 d6 6. Bg5 e6 7. Qd2 Be7 8.
O-O-O Nxd4 9. Qxd4 a6 10. f4 b5 {This variation very fashionable in last years}
11. Bxf6 {11.Be2  leads to the same position,as was shown in the game Garsia
-Smirin,} (11. Be2 {Garcia,Gild-Smirin/New York 1997 (22)}) 11... gxf6 {
It is  well-known.Much worse is 11... Bf6} (11... Bxf6 $2 12. e5 dxe5 (12...
Be7 13. exd6 Bf6 14. Qe4 Bd7 15. Nd5) 13. Qc5 Bd7 14. Nxb5 $1 (14. Bxb5 Rc8 $1)
14... Be7 (14... axb5 15. Rxd7 $1 $18) 15. Nc7+ Kf8 16. Qxe5 $16) 12. e5 {
Principle  continuation.In this position white tried another possibility: 12.
Be2, 12.f5  and12.Bd3,which gives black good counterplay} d5 {12...dxe6 leads
to unclear position} (12... dxe5 $6 13. Qe4 Bd7 14. Rxd7 (14. fxe5 $5 fxe5 15.
Qxe5 Bf6 16. Qe1 $14) (14. Bxb5 axb5 15. Rxd7 Kxd7 16. Rd1+ Bd6) 14... Kxd7 15.
Bxb5+ axb5 16. Rd1+ Bd6 17. Nxb5 Ke7 $13) (12... fxe5 13. fxe5 dxe5 14. Qxe5
Bg5+ 15. Kb1 Qf6 16. Qd6 e5 17. Nxb5 $44) 13. Kb1 {13.f5 looks very dangerous,
but as was shown in undernentioned game black defences successfully.} (13. f5
$5 $146 {1-0 Lutz,C-Huzman,A/Dresden 1998/ (21)}) 13... Rg8 $5 {[%csl Yf1,Rg2]}
14. f5 $6 {Dubious move,of cource 14.Ne2 looks more preferable} (14. Ne2 $5 {
[%csl Re2,Rh5][%cal Re2g3,Rg3h5]} Bb7 15. Ng3 fxe5 16. fxe5 Qc7 17. Re1 (17.
Bd3 Rg5 18. Rde1 O-O-O $132 {0-1 Kummerow,H-Mainka,R/Germany 1997/GER-chT (83)}
) 17... O-O-O 18. Bd3 $13 {1-0 Peng Xiaomin-Gurevich,D/Groningen 1996/EXT 98 
(42)}) (14. Bd3 f5 15. Qf2 Bb7 16. Ne2 h5 17. Qf3 $2 (17. Nd4 $5) 17... h4 $132
{0-1 Almasi,Z-Atalik,S/Heraklio 1997/CBM 62/)}) (14. g3 Bb7 15. Bh3 Rc8 16. f5
fxe5 17. Qxe5 Bf6 $132 {0-1 Mainka,R-Gurevich,D/Bad Zwesten 1997/CBM 57 ext 
(37)}) 14... b4 $1 $146 {[%mdl 8] This is  strong novelty violates  the
coordination of white pieces.} (14... Bd7 $6 15. fxe6 fxe6 16. Be2 Kf8 17. Rhf1
$36 {1-0 Garcia,G-Wunnink,M/Wijk aan Zee 1998/EXT 99 (28)}) (14... fxe5 $5 15.
Qxe5 Qd6 (15... Bf6 $5 16. Qe1 Qe7 17. fxe6 {1/2-1/2 De la Riva,O-Garcia
Ilundain,D/Linares 1998/EXT 99 (17)}) 16. Qe3 Bd7 17. f6 Qc5 $132 {1/2-1/2
Unzicker,W-Pelletier,Y/Zuerich 1998/EXT 99 (63)}) 15. exf6 $2 (15. Ne2 $5 fxe5
16. Qxe5 Bf6 $132) 15... Bxf6 16. Qxb4 Qc7 17. fxe6 fxe6 $44 18. Be2 $2 {
[%mdl 8192] This move loses at once, more persist 18.Rd3} (18. Rd3 $142 Rb8 19.
Qa4+ Bd7 20. Qa3 Qe5 21. Nd1 Qe1 $36) (18. Na4 Bd7 19. Nb6 (19. Nc5 Rc8) 19...
Rb8 $19) 18... Rb8 {[%csl Rc3][%cal Rb8b1]} 19. Nxd5 exd5 20. Bh5+ Rg6 $1 21.
Bxg6+ hxg6 $19 {Black has pair of bishops for rook with two pawns which is
normally material balance.But black's initiative on the queenside decides the
game in few moves.} 22. Qe1+ Kf7 23. b3 Bf5 {[%csl Ra1,Rb2,Rc2] White has no
chances to defend his king.All black pieces is strongly attacking the battle
of white's king by files and diagonals.} 24. Qd2 Kg7 {Now black king is in
safe place and black threatens Qe5.White is defendless.} 25. Rhe1 Rc8 26. Re2 (
26. Rc1 Bc3) 26... Bg4 27. Rde1 Bxe2 28. Rxe2 Qxh2 29. g4 Qg1+ 30. Re1 Qg3 31.
Rh1 Rh8 32. Qxd5 Rxh1+ 33. Qxh1 Qxg4 0-1